[Event "Buenos Aires Faogba 35th"]
[Site "Buenos Aires"]
[Date "2018.11.??"]
[Round "2.10"]
[White "Oyarzu, Eduardo"]
[Black "Fernandez, Mauricio"]
[Result "1-0"]
[WhiteElo "1849"]
[BlackElo "1548"]
[PlyCount "99"]
[EventDate "2018.11.13"]
[EventType "swiss"]
[EventRounds "7"]
[EventCountry "ARG"]
[SourceTitle "EXT 2024"]
[Source "ChessBase"]
[SourceDate "2023.10.10"]
[SourceVersion "1"]
[SourceVersionDate "2023.10.10"]
[SourceQuality "1"]

1. d4 Nf6 2. c4 g6 3. f3 d6 4. Nc3 Bg7 5. e4 0-0 6. Bg5 a6 7. Qd2 Nbd7 8. Nh3 c5 9. d5 Re8 10. Be2 Rb8 11. a4 Nf8 12. Nf2 e6 13. dxe6 Nxe6 14. Bh6 Nd4 15. Bd1 Be6 16. Bxg7 Kxg7 17. Ne2 Nc6 18. Qc3 Ne5 19. b3 b5 20. axb5 axb5 21. Nf4 bxc4 22. Nxe6+ Rxe6 23. bxc4 d5 24. cxd5 Re8 25. 0-0 Ned7 26. Ba4 Kg8 27. Nd3 Qb6 28. Qc4 Ne5 29. Nxe5 Rxe5 30. Rac1 Qb4 31. Bc6 Qd2 32. Rf2 Qh6 33. Qxc5 Rh5 34. g3 Rc8 35. Ra1 Nd7 36. Qc1 g5 37. Ra8 Rxa8 38. Bxa8 Ne5 39. Qc8+ Kg7 40. Qc3 Qf6 41. f4 gxf4 42. gxf4 Ng4 43. Qxf6+ Nxf6 44. e5 Nd7 45. d6 f6 46. e6 Nc5 47. d7 Nxe6 48. Re2 Nd8 49. Re8 Nf7 50. Re7 1-0

[Event "Moron Amateur-ch"]
[Site "Moron"]
[Date "2018.07.17"]
[Round "1"]
[White "Diaz, Adolfo"]
[Black "Oyarzu, Eduardo"]
[Result "0-1"]
[WhiteElo "1333"]
[BlackElo "1833"]
[PlyCount "52"]
[EventDate "2018.07.17"]
[EventType "swiss"]
[EventRounds "7"]
[EventCountry "ARG"]
[SourceTitle "EXT 2019"]
[Source "ChessBase"]
[SourceDate "2018.10.10"]
[SourceVersion "1"]
[SourceVersionDate "2018.10.10"]
[SourceQuality "1"]

1. c4 Nf6 2. Nc3 g6 3. Nf3 Bg7 4. d4 d5 5. c5 0-0 6. e3 Re8 7. h3 c6 8. Be2 Nbd7 9. 0-0 e5 10. a3 exd4 11. exd4 Ne4 12. Qc2 Ndf6 13. Nh2 Bf5 14. Nxe4 Nxe4 15. Qd1 h5 16. Be3 Qe7 17. Nf3 Nxf2 18. Rxf2 Qxe3 19. Qd2 Qxd2 20. Nxd2 Bxd4 21. Kf1 Bxf2 22. Kxf2 Re7 23. Re1 Rae8 24. b4 Bd3 25. Bf1 Rxe1 26. Bxd3 Rd1 0-1

[Event "Moron Philidor CC-ch 1st"]
[Site "Moron"]
[Date "2018.05.01"]
[Round "1.2"]
[White "Oyarzu, Eduardo"]
[Black "Cabrera, Matias"]
[Result "1/2-1/2"]
[WhiteElo "1913"]
[BlackElo "2015"]
[PlyCount "89"]
[EventDate "2018.05.01"]
[EventType "tourn"]
[EventRounds "7"]
[EventCountry "ARG"]
[SourceTitle "EXT 2024"]
[Source "ChessBase"]
[SourceDate "2023.10.10"]
[SourceVersion "1"]
[SourceVersionDate "2023.10.10"]
[SourceQuality "1"]

1. e4 c5 2. Nf3 d6 3. g3 Nf6 4. d3 Nc6 5. Bg2 g6 6. 0-0 Bg7 7. Re1 0-0 8. c3 Bg4 9. Nbd2 Qc8 10. Nf1 Ne5 11. Ne3 c4 12. Nxg4 Nfxg4 13. Nxe5 Nxe5 14. dxc4 Nxc4 15. Qb3 Qc7 16. Bf1 Ne5 17. Be2 h5 18. Kg2 Rad8 19. h3 Qc6 20. Bb5 Qc8 21. Bg5 a6 22. Bf1 Qc7 23. Rad1 Nd7 24. Bxe7 Nc5 25. Bxd8 Rxd8 26. Qd5 Ne6 27. Bc4 h4 28. Rd3 hxg3 29. fxg3 Be5 30. Rf1 Kg7 31. Rdf3 Rf8 32. Bb3 Ng5 33. R3f2 Qd7 34. g4 f6 35. Qd3 Rh8 36. Rh1 Nxh3 37. Rxh3 Qxg4+ 38. Rg3 Qh4 39. Rxg6+ Kxg6 40. Kf1 Qh1+ 41. Ke2 Rh2 42. Bd5 Rxf2+ 43. Kxf2 Qh2+ 44. Ke1 b5 45. Qe2 1/2-1/2

[Event "Moron Philidor CC-ch 1st"]
[Site "Moron"]
[Date "2018.05.??"]
[Round "2.4"]
[White "Ducros, Marcelo Raul"]
[Black "Oyarzu, Eduardo"]
[Result "0-1"]
[WhiteElo "2040"]
[BlackElo "1913"]
[PlyCount "108"]
[EventDate "2018.05.01"]
[EventType "tourn"]
[EventRounds "7"]
[EventCountry "ARG"]
[SourceTitle "EXT 2024"]
[Source "ChessBase"]
[SourceDate "2023.10.10"]
[SourceVersion "1"]
[SourceVersionDate "2023.10.10"]
[SourceQuality "1"]

1. d4 Nf6 2. Bf4 g6 3. Nf3 Bg7 4. e3 d5 5. Be2 c5 6. 0-0 0-0 7. Nbd2 Nh5 8. Be5 f6 9. Bg3 Nxg3 10. hxg3 cxd4 11. exd4 Nc6 12. Nb3 b6 13. c4 Be6 14. c5 Bd7 15. Rc1 e6 16. Ne1 f5 17. f4 bxc5 18. Rxc5 Qb6 19. Nf3 a5 20. Rb5 Qa7 21. Kh2 a4 22. Nc5 Nxd4 23. Nxd7 Nxf3+ 24. Bxf3 Qxd7 25. Qe2 Rab8 26. Rxb8 Rxb8 27. Re1 Kf7 28. Rb1 Qb5 29. Qc2 Qc4 30. Qxc4 dxc4 31. Rc1 Rxb2 32. Rxc4 Rxa2 33. Rc7+ Kf6 34. Ra7 a3 35. Bc6 Bf8 36. Ra6 Rd2 37. Bb5 h6 38. Bc4 Bd6 39. Bb3 g5 40. Kg1 Bc5+ 41. Kf1 Rd6 42. Ra8 Rd3 43. Bc4 Rxg3 44. Ra6 Re3 45. fxg5+ hxg5 46. Rc6 Bd4 47. Ra6 g4 48. Rd6 Bc5 49. Rc6 Re5 50. g3 Ke7 51. Kg2 Bd6 52. Ra6 Re3 53. Ra7+ Kf6 54. Ra6 Bxg3 0-1

[Event "Moron Philidor CC-ch 1st"]
[Site "Moron"]
[Date "2018.05.??"]
[Round "7.3"]
[White "Gerola, Pablo"]
[Black "Oyarzu, Eduardo"]
[Result "0-1"]
[WhiteElo "2066"]
[BlackElo "1913"]
[PlyCount "45"]
[EventDate "2018.05.01"]
[EventType "tourn"]
[EventRounds "7"]
[EventCountry "ARG"]
[SourceTitle "EXT 2024"]
[Source "ChessBase"]
[SourceDate "2023.10.10"]
[SourceVersion "1"]
[SourceVersionDate "2023.10.10"]
[SourceQuality "1"]

1. e4 e6 2. d4 d5 3. e5 c5 4. c3 Nc6 5. Ne2 Qb6 6. f4 Nh6 7. g3 cxd4 8. cxd4 Nf5 9. Nbc3 Nfxd4 10. Nxd4 Qxd4 11. Qxd4 Nxd4 12. Kf2 Nc2 13. Rb1 Bc5+ 14. Kg2 Bd7 15. Bb5 Bc6 16. a3 Ne3+ 17. Bxe3 Bxe3 18. Kf3 Bb6 19. Rbc1 Rc8 20. Bxc6+ bxc6 21. b4 c5 22. bxc5 Rxc5 23. Nb5 0-1

[Event "Moron Philidor CC-ch 1st"]
[Site "Moron"]
[Date "2018.05.??"]
[Round "3.1"]
[White "Oyarzu, Eduardo"]
[Black "Ruiz Diaz, Alfredo"]
[Result "1-0"]
[WhiteElo "1913"]
[BlackElo "1978"]
[PlyCount "59"]
[EventDate "2018.05.01"]
[EventType "tourn"]
[EventRounds "7"]
[EventCountry "ARG"]
[SourceTitle "EXT 2024"]
[Source "ChessBase"]
[SourceDate "2023.10.10"]
[SourceVersion "1"]
[SourceVersionDate "2023.10.10"]
[SourceQuality "1"]

1. d4 d5 2. Nf3 e6 3. c4 c6 4. Nc3 Bd6 5. cxd5 exd5 6. Qc2 Nf6 7. Bg5 Be6 8. e3 Nbd7 9. Bd3 Qc7 10. Bh4 a6 11. Bg3 h6 12. 0-0 0-0-0 13. b4 Kb8 14. a4 Bxg3 15. hxg3 Rc8 16. Rfc1 g5 17. Qb2 Qd6 18. b5 a5 19. bxc6 Rxc6 20. Rcb1 b6 21. Ra3 g4 22. Nb5 Qe7 23. Ne5 Nxe5 24. dxe5 Nd7 25. Nd4 Rc7 26. Rb3 Qc5 27. Bb5 Rd8 28. Bxd7 Rdxd7 29. Rxb6+ Ka7 30. Rb5 1-0

[Event "Buenos Aires Philidor CC op"]
[Site "Buenos Aires"]
[Date "2017.11.09"]
[Round "2"]
[White "Koch, Juan Enrique"]
[Black "Oyarzu, Eduardo"]
[Result "1-0"]
[WhiteElo "2054"]
[BlackElo "1913"]
[PlyCount "49"]
[EventDate "2017.11.07"]
[EventType "swiss"]
[EventRounds "7"]
[EventCountry "ARG"]
[SourceTitle "CBM 181 Extra"]
[Source "ChessBase"]
[SourceDate "2017.12.12"]
[SourceVersion "1"]
[SourceVersionDate "2017.12.12"]
[SourceQuality "1"]

1. Nf3 Nf6 2. c4 c5 3. Nc3 e6 4. g3 b6 5. Bg2 Bb7 6. 0-0 Be7 7. d4 cxd4 8. Qxd4 0-0 9. Bg5 a6 10. Rfd1 h6 11. Bxf6 Bxf6 12. Qf4 Be7 13. Ne4 Bxe4 14. Qxe4 Ra7 15. Ne5 Qc7 16. f4 d6 17. Nd3 Rc8 18. Rac1 Nd7 19. Qf3 Nf6 20. e4 b5 21. e5 Qb6+ 22. c5 dxc5 23. exf6 Bxf6 24. Ne5 Qa5 25. Nc6 1-0

[Event "Villa Martelli ProAm op 24th"]
[Site "Villa Martelli"]
[Date "2017.10.02"]
[Round "3"]
[White "Oyarzu, Eduardo"]
[Black "Arias, Maria Paula"]
[Result "1/2-1/2"]
[WhiteElo "1863"]
[BlackElo "1606"]
[PlyCount "48"]
[EventDate "2017.10.01"]
[EventType "swiss"]
[EventRounds "9"]
[EventCountry "ARG"]
[SourceTitle "CBM 181 Extra"]
[Source "ChessBase"]
[SourceDate "2017.12.12"]
[SourceVersion "1"]
[SourceVersionDate "2017.12.12"]
[SourceQuality "1"]

1. d4 f5 2. Nc3 Nf6 3. Bg5 e6 4. e3 Be7 5. Bd3 0-0 6. Bxf6 Bxf6 7. Qf3 Nc6 8. a3 a6 9. Nge2 Qe7 10. Nf4 d6 11. 0-0-0 g6 12. Bc4 Bd7 13. Ncd5 Qd8 14. Nxf6+ Rxf6 15. Qg3 d5 16. Bd3 Qe7 17. h4 Qg7 18. Nh3 Be8 19. Rdf1 Rd8 20. Qh2 h5 21. f3 Qh6 22. Ng5 Rd7 23. Qf4 Qf8 24. Qh2 Qd6 1/2-1/2

[Event "Moron Philidor CC U2200 15th"]
[Site "Buenos Aires"]
[Date "2017.09.16"]
[Round "3"]
[White "Oyarzu, Eduardo"]
[Black "Di Grezia, Carmelo Ernesto Fra"]
[Result "1-0"]
[WhiteElo "1877"]
[BlackElo "1809"]
[PlyCount "77"]
[EventDate "2017.09.12"]
[EventType "swiss"]
[EventRounds "7"]
[EventCountry "ARG"]
[SourceTitle "CBM 180 Extra"]
[Source "ChessBase"]
[SourceDate "2017.10.06"]
[SourceVersion "1"]
[SourceVersionDate "2017.10.06"]
[SourceQuality "1"]

1. d4 Nf6 2. c4 c5 3. d5 b5 4. cxb5 a6 5. Nc3 d6 6. e4 g6 7. Nf3 Nbd7 8. bxa6 Bxa6 9. Bxa6 Rxa6 10. 0-0 Bg7 11. Qe2 Ra8 12. h3 0-0 13. Bg5 h6 14. Bh4 g5 15. Bg3 Nb6 16. Nd2 Nfd7 17. f4 Na4 18. Nxa4 Rxa4 19. fxg5 hxg5 20. Nc4 Qa8 21. b3 Bxa1 22. Rxa1 Ra6 23. Qg4 Nf6 24. Qxg5+ Kh8 25. Qh4+ Nh7 26. Qxe7 Rxa2 27. Rxa2 Qxa2 28. Bxd6 Rg8 29. Be5+ f6 30. Bxf6+ Nxf6 31. Qxf6+ Kh7 32. Qh4+ Kg7 33. d6 Qxb3 34. e5 Qd1+ 35. Kh2 Rf8 36. Qe7+ Kg8 37. d7 Qd4 38. Qg5+ Kh8 39. Nd6 1-0

[Event "Moron Philidor CC 13th"]
[Site "Moron"]
[Date "2017.05.11"]
[Round "2.1"]
[White "Oyarzu, Eduardo"]
[Black "Conde, Adrian"]
[Result "0-1"]
[WhiteElo "1872"]
[BlackElo "2094"]
[PlyCount "102"]
[EventDate "2017.05.09"]
[EventType "swiss"]
[EventRounds "7"]
[EventCountry "ARG"]
[SourceTitle "EXT 2024"]
[Source "ChessBase"]
[SourceDate "2023.10.10"]
[SourceVersion "1"]
[SourceVersionDate "2023.10.10"]
[SourceQuality "1"]

1. d4 Nf6 2. c4 e6 3. Nc3 Bb4 4. e3 0-0 5. Bd3 d5 6. Nf3 dxc4 7. Bxc4 c5 8. 0-0 cxd4 9. exd4 Nc6 10. a3 Be7 11. b4 a6 12. d5 exd5 13. Nxd5 Nxd5 14. Bxd5 Bf6 15. Ra2 Ne7 16. Be4 Be6 17. Rd2 Qb6 18. Bb2 Bxb2 19. Rxb2 Rfd8 20. Rd2 Rxd2 21. Qxd2 Rd8 22. Qc2 g6 23. Re1 Bd5 24. h3 Bxe4 25. Qxe4 Nf5 26. Qc4 Nd6 27. Qb3 Qc7 28. Re3 Nc4 29. Rc3 b5 30. Qc2 Qd6 31. a4 Qxb4 32. axb5 axb5 33. Rb3 Qc5 34. Rc3 Qd5 35. Kf1 Qd1+ 36. Qxd1 Rxd1+ 37. Ke2 Rb1 38. Nd4 Rb2+ 39. Rc2 Rxc2+ 40. Nxc2 Kg7 41. Kd3 Kf6 42. Kd4 Kf5 43. Kc5 Ne5 44. Kxb5 Nd3 45. Ne3+ Kf4 46. Nd5+ Ke5 47. Kc4 Nxf2 48. Nc3 h5 49. Ne2 Ke4 50. Kc3 Ke3 51. Ng1 Ne4+ 0-1